000 00461nam a2200181Ia 4500
005 20250508150709.0
008 008 250505s9999 xx 000 0 eng d
037 _aTextual
040 _aFEDL
_beng
_cFEDL
041 _aeng
_2eng
084 _a191.3, EME
_qFEDL
100 _aEmerson
245 0 _aInspiring thoughts of emerson
260 _aDelhi, India
_bs.n.
300 _a96p.
942 _cTEXL
_h191.3, EME
999 _c1325119
_d1325119